00309nam a2200133Ia 4500008004100000041000800041082001900049100001600068245001900084250001200103260001400115365001600129700003000145230718s9999 xx 000 0 und d aeng a621.319'2bBAK aBakshi U.A. aNetwork Theory a5th ed. bTechnical cRs.b410.00 aBakshi U.A. & Bakshi A.V.